000
00199 a2200097 4500
001
47163
100
_a
Joly C
245
_a
Take these Men
260
_a
London
_b
Constable
_c
090
_c
30219
_d
30219
942
_a
NUST-CAE
_c
M
_c
22469
999
_c
282236
_d
282236